zpět

Detail výsledku týmu

The Pub Praha 2 PO, Praha

Datum a čas kvízu

29 Celkem bodů Celkový počet nahraných bodů na tomto kvízu bez doplňovacích otázek.
8. Pořadí na kvízu Konečné umístění týmu na tomto kvízu.

Zaznamenané odpovědi

# Otázka Odpověď Body Výsledky
1. Novou Miss Czech Republic se v... Karolína Kopíncová 1
2. Severokorejský vůdce Kim Čong-... Kvůli údajně prvnímu potvrzenému případu onemocnění koronavirem. 1
3. Skupina Prima představila podz... Sestřičky Modrý kód 0
4. Německý výrobce čokolád uspěl... Ritter Sport 1
5. Basketbalový Nymburk opouští d... Jaromír Bohačík 1
6. Nyní se podíváme na některé dr... TRX  1
7. Při následujícím tréninku použ... BOSU 1
8. Na fotografii vidíme jeden z n... plank (též prkno) 1
9. Sportovní aktivity často prová... 1 kcal = 4 kJ 0
10. Na závěr tématu si pustíme vid... Jumping 1